Análisis de inestabilidad de laderas sobre una infreastructura [i.e. infraestructura] vital: caso : Acueducto de Cedral de Montes de Oro
Shranjeno v:
| Glavni avtor: | |
|---|---|
| Format: | Knjiga |
| Izdano: |
[San José, Costa Rica]
2010
|
| Teme: | |
| Oznake: |
Označite
Brez oznak, prvi označite!
|
MARC
| LEADER | 00000nam a2200000Ia 4500 | ||
|---|---|---|---|
| 003 | 001661 | ||
| 005 | 20221231144036.0 | ||
| 008 | 140114s2010 cr ab 000 ||s d | ||
| 040 | |c cru CEDI | ||
| 090 | |a TFG 6168 | ||
| 100 | |a Ramírez De La O, Melvin Jorge |9 1004 | ||
| 245 | |a Análisis de inestabilidad de laderas sobre una infreastructura [i.e. infraestructura] vital: caso : Acueducto de Cedral de Montes de Oro | ||
| 260 | |c 2010 |b [San José, Costa Rica] | ||
| 500 | |a Tesis (licenciatura en ingeniería agrícola)--Universidad de Costa Rica. Facultad de Ingeniería. Escuela de Ingeniería Agrícola | ||
| 650 | |x ACUEDUCTO DE CEDRAL DE MONTES DE ORO (PUNTARENAS, COSTA RICA) |x EFECTOS DE DESASTRES NATURALES |x ESTABILIZACION DE SUELOS |x DESPRENDIMIENTOS DE TIERRAS |x USO DE LA TIERRA |x SISTEMAS DE INFORMACION GEOGRAFICA |x AGUA POTABLE |9 3062 | ||
| 942 | |c TFG | ||
| 999 | |c 16047 |d 16047 | ||
